<?xml version="1.0" encoding="UTF-8"?>
<record
    xmlns:xsi="http://www.w3.org/2001/XMLSchema-instance"
    xsi:schemaLocation="http://www.loc.gov/MARC21/slim http://www.loc.gov/standards/marcxml/schema/MARC21slim.xsd"
    xmlns="http://www.loc.gov/MARC21/slim">

  <leader>04408cam a2200421 i 4500</leader>
  <controlfield tag="001">21826125</controlfield>
  <controlfield tag="003">CSPC</controlfield>
  <controlfield tag="005">20250904120717.0</controlfield>
  <controlfield tag="008">201201s2021    nyua     b    001 0 eng  </controlfield>
  <datafield tag="010" ind1=" " ind2=" ">
    <subfield code="a">  2020053020</subfield>
  </datafield>
  <datafield tag="020" ind1=" " ind2=" ">
    <subfield code="a">9780367776015</subfield>
    <subfield code="q">(paperback)</subfield>
  </datafield>
  <datafield tag="035" ind1=" " ind2=" ">
    <subfield code="a">21826125</subfield>
  </datafield>
  <datafield tag="040" ind1=" " ind2=" ">
    <subfield code="a">DLC</subfield>
    <subfield code="b">eng</subfield>
    <subfield code="c">DLC</subfield>
    <subfield code="e">rda</subfield>
    <subfield code="d">DLC</subfield>
    <subfield code="d">CSPC</subfield>
  </datafield>
  <datafield tag="042" ind1=" " ind2=" ">
    <subfield code="a">pcc</subfield>
  </datafield>
  <datafield tag="050" ind1="0" ind2="0">
    <subfield code="a">JF1525.P6</subfield>
    <subfield code="b">G75 2021</subfield>
  </datafield>
  <datafield tag="082" ind1="0" ind2="0">
    <subfield code="a">320.6</subfield>
    <subfield code="b">G856c</subfield>
    <subfield code="2">23</subfield>
  </datafield>
  <datafield tag="100" ind1="1" ind2=" ">
    <subfield code="a">Greenwood, Steven,</subfield>
    <subfield code="e">author.</subfield>
  </datafield>
  <datafield tag="245" ind1="1" ind2="0">
    <subfield code="a">Collaborative governance :</subfield>
    <subfield code="b">principles, processes, and practical tools /</subfield>
    <subfield code="c">Steven Greenwood, Laurel Singer, and Wendy Willis.</subfield>
  </datafield>
  <datafield tag="264" ind1=" " ind2="1">
    <subfield code="a">New York, NY ;</subfield>
    <subfield code="a">Abingdon, Oxon :</subfield>
    <subfield code="b">Routledge,</subfield>
    <subfield code="c">2021.</subfield>
  </datafield>
  <datafield tag="300" ind1=" " ind2=" ">
    <subfield code="a">x, 213 pages :</subfield>
    <subfield code="b">illustrations ;</subfield>
    <subfield code="c">23 cm.</subfield>
  </datafield>
  <datafield tag="336" ind1=" " ind2=" ">
    <subfield code="a">text</subfield>
    <subfield code="b">txt</subfield>
    <subfield code="2">rdacontent</subfield>
  </datafield>
  <datafield tag="337" ind1=" " ind2=" ">
    <subfield code="a">unmediated</subfield>
    <subfield code="b">n</subfield>
    <subfield code="2">rdamedia</subfield>
  </datafield>
  <datafield tag="338" ind1=" " ind2=" ">
    <subfield code="a">volume</subfield>
    <subfield code="b">nc</subfield>
    <subfield code="2">rdacarrier</subfield>
  </datafield>
  <datafield tag="504" ind1=" " ind2=" ">
    <subfield code="a">Includes bibliographical references  and index.</subfield>
  </datafield>
  <datafield tag="505" ind1="0" ind2=" ">
    <subfield code="a">Introduction -- Section 1. Definitions, context, and dynamics -- Definitions and descriptions -- Collaborative governance in a constitutional context -- Typologies -- Fundamental dynamics of collaboration -- Section 2. Framework and process -- Assessment -- Design and organization -- Deliberation and decision-making -- Implementation and adaptation -- Section 3. Skills to improve collaborative governance -- Strengthening collaborative governance groups -- Individual leadership tools.</subfield>
  </datafield>
  <datafield tag="520" ind1=" " ind2=" ">
    <subfield code="a">"Traditional governance, even when it is functioning effectively and fairly, often produces clear winners and clear losers, leaving smoldering resentments that flare up whenever there is a shift in the balance of power. Over the past two and a half decades, a new style of governance has arisen to disrupt some of that winner-takes-all dynamic, offering parties a means to collectively navigate their interests in a highly focused and democratic way. Collaborative Governance is the first true textbook on the topic, presenting a solid grounding in relevant theory while also focusing on case studies, process design, and practical tools. While existing books on collaborate governance focus on environmental and natural resource conflict resolution, this book also draws on case studies involving collaborative, community-based project implementation and cases that focus on human services and social equity. Bringing together theory and tools from the fields of negotiation and mediation, as well as political science and public administration, this book introduces students and practitioners to the theory of collaborative governance in the context of practical applications. Coverage includes: A connection of the practices of collaborative governance with the field's theoretical underpinnings Tools for students and practitioners of collaborative governance-as well as public administrators and other possible participants in collaborative governance processes-to discern when collaborative governance is appropriate in politically complex, real-world settings A roadmap for students, practitioners, and process participants to help them design-and effectively participate in-productive, efficient, and fair collaborative governance processes An exploration of constitutional democracy and the ways in which collaborative governance can be used as a tool in building a more just, fair, and functional society. Collaborative Governance is an ideal primary textbook in public administration, planning, and political science courses, as well as a jargon-free primer for professionals looking to learn more about the theory and practice of this important field"--</subfield>
    <subfield code="c">Provided by publisher.</subfield>
  </datafield>
  <datafield tag="650" ind1=" " ind2="0">
    <subfield code="a">Political planning.</subfield>
  </datafield>
  <datafield tag="650" ind1=" " ind2="0">
    <subfield code="a">Public-private sector cooperation.</subfield>
  </datafield>
  <datafield tag="650" ind1=" " ind2="0">
    <subfield code="a">Public administration</subfield>
    <subfield code="x">Citizen participation.</subfield>
  </datafield>
  <datafield tag="650" ind1=" " ind2="0">
    <subfield code="a">Public administration</subfield>
    <subfield code="x">Decision making.</subfield>
  </datafield>
  <datafield tag="700" ind1="1" ind2=" ">
    <subfield code="a">Singer, Laurel,</subfield>
    <subfield code="e">author.</subfield>
  </datafield>
  <datafield tag="700" ind1="1" ind2=" ">
    <subfield code="a">Willis, Wendy,</subfield>
    <subfield code="d">1966-</subfield>
    <subfield code="e">author.</subfield>
  </datafield>
  <datafield tag="776" ind1="0" ind2="8">
    <subfield code="i">Online version:</subfield>
    <subfield code="a">Greenwood, Steven,</subfield>
    <subfield code="t">Collaborative governance</subfield>
    <subfield code="d">New York, N.Y. : Routledge, 2021</subfield>
    <subfield code="z">9781003172062</subfield>
    <subfield code="w">(DLC) 2020053021</subfield>
  </datafield>
  <datafield tag="906" ind1=" " ind2=" ">
    <subfield code="a">7</subfield>
    <subfield code="b">cbc</subfield>
    <subfield code="c">orignew</subfield>
    <subfield code="d">1</subfield>
    <subfield code="e">ecip</subfield>
    <subfield code="f">20</subfield>
    <subfield code="g">y-gencatlg</subfield>
  </datafield>
  <datafield tag="942" ind1=" " ind2=" ">
    <subfield code="2">ddc</subfield>
    <subfield code="c">BK</subfield>
    <subfield code="e">23</subfield>
    <subfield code="h">320.6</subfield>
    <subfield code="i">G856c</subfield>
    <subfield code="k">GRD</subfield>
    <subfield code="m">2021</subfield>
    <subfield code="n">0</subfield>
  </datafield>
  <datafield tag="952" ind1=" " ind2=" ">
    <subfield code="0">0</subfield>
    <subfield code="1">0</subfield>
    <subfield code="2">ddc</subfield>
    <subfield code="4">0</subfield>
    <subfield code="7">0</subfield>
    <subfield code="a">CSPC</subfield>
    <subfield code="b">CSPC</subfield>
    <subfield code="c">GRD</subfield>
    <subfield code="d">2025-09-04</subfield>
    <subfield code="l">0</subfield>
    <subfield code="o">GRD 320.6 G856c 2021</subfield>
    <subfield code="p">030112</subfield>
    <subfield code="r">2025-09-04 12:07:54</subfield>
    <subfield code="t">1-1</subfield>
    <subfield code="w">2025-09-04</subfield>
    <subfield code="y">BK</subfield>
  </datafield>
  <datafield tag="999" ind1=" " ind2=" ">
    <subfield code="c">30328</subfield>
    <subfield code="d">30328</subfield>
  </datafield>
</record>
